| 000 | 00674nam a2200169 a 4500 | ||
|---|---|---|---|
| 008 | 081001s2007 ||||||||||||||||| || u | ||
| 050 | _aIBRD(08) | ||
| 100 | _aSchmukler, Sergio L | ||
| 245 | 1 | 0 | _aInternational financial integration through equity markets: which firms from which countries go global? |
| 260 |
_aWashington, D. C. _bWorld Bank _c2007 |
||
| 300 | _a48p. :ill | ||
| 350 | _a0.00 | ||
| 490 | _aPolicy Research Working Paper | ||
| 650 | 0 | _aECONOMICS | |
| 700 | _aClaessens, Stijn | ||
| 995 |
_D0.00 _FCBU-MAIN LIBRARY (Kitwe) _H1 _I0.00 _M1 _UAVAILABLE _WOct 1, 2008 _ZInternational Publications |
||
| 999 |
_c47384 _d47384 |
||